• 首页
  • 本馆介绍
  • 公告通知
  • 最新文献
  • 馆藏检索
  • 电子资源
  • 读者导购
  • 参考咨询
  • 我的图书馆
  • 登录
  • 详细信息显示
  • 放入我的书架
  • 预约/预借图书
  • 作者相关作品
  • 分类相关作品
  • 丛书相关作品
  • 出版社相关作品

书目信息

  • 表格格式
  • 工作单格式
  • 卡片格式
题名:
草木零落, 美人迟暮
    
 
作者: 潘富俊 著
分册:  
出版信息: 北京   九州出版社  2018
页数: 340页
开本: 22cm
丛书名:
单 册:
中图分类: I207.223 , Q94-64
科图分类:
主题词: 楚辞研究--chu ci yan jiu , 植物--zhi wu--图集
电子资源:
ISBN: 978-7-5108-7372-0
000 01323nam0 2200301 45
001 012001006988
005 20130301110710.0
010    @a978-7-5108-7372-0@b精装@dCNY69.80
099    @aCAL 012018143171
100    @a20181109d2018 em y0chiy50 ea
101 0  @achi
102    @aCN@b110000
105    @aa a 000yy
106    @ar
200 1  @a草木零落, 美人迟暮@Acao mu ling luo , mei ren chi mu@e楚辞植物图鉴@f潘富俊著
210    @a北京@c九州出版社@d2018
215    @a340页@c彩图@d22cm
306    @a由天津华文天下图书有限公司出版发行 经四川一览文化传播广告公司代理,由城邦文化事业股份有限公司【猫头鹰出版】授权出版中文简体字版本
320    @a有书目 (第337-340页)
330    @a本书以自然科学与古典文学邂逅的创意,把彩色图文应用到中国古典文学领域。介绍了《楚辞》中的诸多香草香木、恶草恶木。《楚辞》常以香草、恶草拟喻忠良奸佞,对后世影响极为深远,除了开状物比兴的文学先河外,也使文士因袭咏诵,对植物形成一套刻板的价值观,兰蕙秀美而萧艾杂恶,黑白两分,势不两立,而本书作者从植物生态特征细加整清,打破美恶分野,别具一功。
517 1  @a楚辞植物图鉴@Achu ci zhi wu tu jian
606 0  @a楚辞研究@Achu ci yan jiu
606 0  @a植物@Azhi wu@j图集
690    @aI207.223@v5
690    @aQ94-64@v5
701  0 @a潘富俊@Apan fu jun@4著
801  0 @aCN@b上海新华@c20191020
905    @b1132640-3@dI207.223@e1176@f4
    
    草木零落, 美人迟暮:楚辞植物图鉴/潘富俊著.-北京:九州出版社,2018
    340页:彩图;22cm
    
    
    ISBN 978-7-5108-7372-0(精装):CNY69.80
    本书以自然科学与古典文学邂逅的创意,把彩色图文应用到中国古典文学领域。介绍了《楚辞》中的诸多香草香木、恶草恶木。《楚辞》常以香草、恶草拟喻忠良奸佞,对后世影响极为深远,除了开状物比兴的文学先河外,也使文士因袭咏诵,对植物形成一套刻板的价值观,兰蕙秀美而萧艾杂恶,黑白两分,势不两立,而本书作者从植物生态特征细加整清,打破美恶分野,别具一功。
●
相关链接 在E读中查询图书 在五车中查询图书 在当当中查询图书 在豆瓣中查询图书


正题名:草木零落, 美人迟暮     索取号:I207.223/1176         预约/预借

序号 登录号 条形码 馆藏地/架位号 状态 备注
1 1132640   211326402   第一样本阅览室/ [索取号:I207.223/1176] 在馆    
2 1132641   211326411   第二借阅区/ [索取号:I207.223/1176] 在馆    
3 1132642   211326420   第二借阅区/ [索取号:I207.223/1176] 在馆    
4 1132643   211326439   第二借阅区/ [索取号:I207.223/1176] 在馆    
唐山师范学院图书馆 欢迎您!
大连网信软件有限公司© 版权所有